[Event "Gibraltar Masters 11th"]
[Site "Caleta"]
[Date "2013.01.26"]
[Round "5"]
[White "Al Sayed, Mohammed"]
[Black "Georgiev, Kiril"]
[Result "0-1"]
[WhiteElo "2507"]
[BlackElo "2643"]
[Annotator "Martin,A"]
[PlyCount "42"]
[EventDate "2013.01.22"]
[EventType "swiss"]
[EventRounds "10"]
[EventCountry "GGB"]
[SourceTitle "EXT 2016"]
[Source "ChessBase"]
[SourceDate "2015.10.08"]
[SourceVersion "1"]
[SourceVersionDate "2015.10.08"]
[SourceQuality "1"]

{I was very impressed by this coming game. Georgiev employs an old idea of
Nigel Short, which looks dubious at first sight, but which in fact,gives Black
very interesting counterplay.} 1. d4 Nf6 2. c4 e6 3. Nc3 Bb4 4. Qc2 d5 5. a3
Bxc3+ 6. Qxc3 dxc4 7. Qxc4 b6 $5 {Black cedes the two Bishops early and the
pawn on c7 seems to be a target, but there are threats of ...Ba6 in the air
and it is going to take White quite some time to get his kingside going.} 8.
Bf4 ({Kingside development may well be superior than the immediate attack on c7
} 8. Nf3 Ba6 9. Qc2 (9. Qa4+ Qd7 10. Qxd7+ Nbxd7 11. Be3 Rc8 $11) 9... Nbd7 10.
Bg5 O-O 11. e4 Bxf1 12. Rxf1 h6 13. Bxf6 Nxf6 14. O-O-O Rc8 15. Kb1 Qe7 16.
Rfe1 Rfd8 17. Ne5 c5 18. d5 exd5 19. exd5 Qc7 20. Nc6 Rd7 21. Ne7+ Rxe7 22. d6
Qxd6 23. Rxd6 Rxe1+ $14 {Kramnik,V (2780)-Kasparov,G (2815)/Moscow 1998}) 8...
O-O ({The original game in this variation went:} 8... Ba6 9. Qxc7 Qxc7 (9...
Qxd4 10. Rd1 $18) 10. Bxc7 Nc6 11. Nf3 Rc8 12. Be5 Nxe5 13. dxe5 Nd7 14. b4 Bb7
15. e3 Bxf3 16. gxf3 Nxe5 17. Bb5+ Ke7 18. f4 Nd7 19. Ba6 Rc2 20. Bd3 Rc7 21.
Kd2 Nf6 22. Rac1 Rhc8 23. Rxc7+ Rxc7 24. Rg1 g6 25. h3 {1/2-1/2 Baburin,A 
(2590)-Short,N (2670)/Port Erin 1998}) 9. Bxc7 $146 (9. Nf3 Ba6 (9... Nd5 10.
Bg5) 10. Qxc7 Qd5 $1 11. Qd6 Qf5 12. g4 Qc2 13. Rc1 Qxb2 14. g5 (14. Qb4 Qa2
15. Bd6 Rd8 16. Bg3 Nbd7 17. e3 Rac8 18. Rd1 Nd5 19. Qd2 Qxa3 20. Bxa6 Qxa6 21.
Qd3 Qb7 22. O-O b5 23. Ng5 N7f6 24. e4 Nc3 25. e5 Rxd4 {0-1 Eames,R (2294)
-Buckley,G (2392)/Brentwood 2008}) 14... Nd5 15. Bd2 Nc6 $1 16. e3 (16. Rxc6
Rfd8 17. Qg3 Rac8 18. Rxc8 Rxc8) (16. Qxc6 Rac8 17. e3 Rxc6 18. Rxc6 Bb7 19.
Rc1 Nf4 20. exf4 Bxf3 21. Rg1 Qxd4) 16... Bxf1 17. Kxf1 Na5 18. Kg2 Rfd8 19.
Qg3 Nb3 20. Rcd1 Qc2 21. Rhe1 {1/2-1/2 Georgiev,K (2680)-Illescas Cordoba,M 
(2601)/Erts La Massana 2012}) ({The point of castling first is revealed after} 
9. Qxc7 Qxd4 {when Rd1 is no longer a winning threat.}) 9... Qd7 10. Be5 {
White has to spend time rescuing his bishop as the upcoming ...Ba6 followed by
...Rc8 is very fast.} ({It is very hard to believe in} 10. Bxb8 {as Black's
development momentum is increased:} Rxb8 11. Nf3 Bb7 12. e3 Bxf3 13. gxf3 Qb7 (
13... Rbc8 14. Qb5 Qb7 15. Rg1 g6 16. Be2 Rfd8) 14. Be2 Rbc8 15. Qa4 Rc7 {
White has equality at best in this position}) 10... Ba6 11. Qb3 (11. Qc7 Rc8
12. Qxd7 Nbxd7 13. Bxf6 Nxf6 14. Kd1 Rc7 15. Rc1 Rxc1+ 16. Kxc1 Ne4 17. Nh3
Rc8+ 18. Kd1 Bc4) 11... Rc8 {Georgiev sees no problem in letting White double
the kingside pawns, as this is yet another move by the dark-squared bishop,.}
12. Bxf6 gxf6 13. e3 (13. Rd1 Nc6 14. Qg3+ Kh8 (14... Kf8 15. Qh4 Kg7 16. Qg4+
Kf8) 15. Qf4 {can be suggested as an improvement for White, when Black has to
prove that he has more than just equality after} Kg7 16. Qg3+ (16. h4 $5 Ne7
17. Rh3)) 13... Bxf1 14. Kxf1 Nc6 15. Qb5 $6 ({Al-Sayed is obviously worried
about the idea of ...Na5, but he has to complete his development before
anything else and therefore} 15. Ne2 {was indicated. White is OK with care:}
Na5 16. Qd3 Qa4 17. b4 Qb3 18. Rd1 Qxd3 19. Rxd3 Nc4 20. g4 a5 21. Kg2 $13)
15... a6 $1 16. Qxb6 (16. Qa4 b5 17. Qd1 e5 18. Nf3 Rd8 19. Rc1 exd4 20. h4
Rac8 21. Rh3 dxe3 22. Qxd7 Rxd7 23. fxe3 Rdc7 {leaves Black better coordinated,
but of course, White has drawing chances.}) 16... Rcb8 17. Qc5 Rxb2 {Black's
initiative is starting to get very serious.} 18. g3 $2 {White does not like
his position any more and it shows.} (18. Ne2 {was again called for, but by
now Black is on top:} Rc8 19. Qc3 Qb7 20. Qd3 Na5 $17) 18... e5 $1 19. Nf3 $2 (
19. Qc1 $8 {was maybe the only move to survive, but even here the position is
most uncomfortable:} Rab8 20. Kg2 exd4 $17) 19... Rc8 20. Qc3 Qb7 ({Or} 20...
Qh3+ $1 21. Kg1 (21. Ke1 Nb4 $1) 21... Nxd4) 21. Qd3 Nxd4 $1 {Crushing, thanks
to 22.exd4 e4 23.Qd1 Rcc2 24.Ne1 Rxf2+ 25.Kg1 Qc8 26.h4 Qf5. Short's idea is
certainly a good practical weapon as we have seen, although there were several
points during this game where White could improve. Nevertheless, a
well-handled initiative by Black.} (21... Nxd4 22. exd4 e4 23. Qd1 Rcc2 24. Ne1
Rxf2+ 25. Kg1 Qc8 26. h4 Qf5 $19) 0-1

[Event "Abu Dhabi op 24th"]
[Site "Abu Dhabi"]
[Date "2017.08.16"]
[Round "3"]
[White "Mekhitarian, Krikor Sevag"]
[Black "Deac, Bogdan Daniel"]
[Result "1/2-1/2"]
[WhiteElo "2534"]
[BlackElo "2573"]
[Annotator "Mekhitarian,K"]
[PlyCount "69"]
[EventDate "2017.08.14"]
[EventType "swiss"]
[EventRounds "9"]
[EventCountry "UAE"]
[SourceTitle "CBM 180"]
[Source "ChessBase"]
[SourceDate "2017.09.13"]
[SourceVersion "1"]
[SourceVersionDate "2017.09.13"]
[SourceQuality "1"]
[WhiteClock "0:00:41"]
[BlackClock "0:01:35"]

1. d4 Nf6 2. c4 e6 3. Nc3 Bb4 4. Qc2 {I haven't played this line for 5 years,
so I thought it would be a nice try to surprise my opponent. Black now has a
wide range of options} d5 (4... O-O 5. a3 {is the main move} (5. e4 $5 {
an aggressive try} d5 (5... d6 $5 {accepting a somewhat passive position to
avoid contact} 6. a3 Bxc3+ 7. bxc3 e5 8. Bd3 c5 9. Ne2 Nc6 {with a strategic
battle} 10. O-O (10. d5 Ne7 11. O-O Nh5 12. f4 exf4 13. Nxf4 Nxf4 14. Bxf4 Ng6
$11 {0-1 (39) Shishkin,V (2511)-Nisipeanu,L (2664) Eforie Nord 2009}) 10... Nd7
11. f4 $5 $36 {0-1 (47) Kovar,V (2369)-Sasikiran,K (2654) Czech Republic 2017})
6. e5 Ne4 7. Bd3 c5 8. Nf3 cxd4 9. Nxd4 Nd7 10. Bf4 Qh4 $1 11. g3 Qh5 12. O-O
g5 {with heavy complications to follow, but again Black has no problems here}
13. cxd5 Bxc3 $1 {is the cleanest way to deal with it} (13... gxf4 14. dxe6
Bxc3 $2 (14... Nxc3 15. exd7 Bxd7 16. bxc3 Rac8 17. Qd1 Bg4 18. Be2 fxg3 19.
hxg3 Bxe2 20. Nxe2 Ba5 $44) 15. bxc3 Nxe5 16. Bxe4 Bxe6 17. Rfe1 $1 $16 (17.
Rfb1 Rae8 18. gxf4 Qg4+ 19. Kh1 Qxf4 20. Nxe6 Rxe6 21. Rb4 Kh8 $11 {½-½ (36)
Nisipeanu,L (2683)-Kramnik,V (2812) Dortmund 2017})) 14. bxc3 exd5 15. Bxe4
dxe4 16. e6 gxf4 17. exd7 Bxd7 18. Qxe4 fxg3 19. fxg3 b6 20. Nf5 Rae8 21. Qd5
Bxf5 22. Rxf5 Qe2 $11 {½-½ (25) Mamedyarov,S (2759)-Aronian,L (2795) Bilbao
2013}) (5. Nf3 c5 (5... d5 $5) 6. dxc5 Na6 7. g3 {is the current fashion,
trying to play like a g3 Nimzo} (7. c6 $5 {a creative move introduced by
Morozevich} dxc6 $6 (7... bxc6 $1) 8. a3 Bxc3+ 9. Qxc3 Nc5 10. Be3 Nce4 $6 11.
Qe5 $16 b5 $2 12. g4 $1 $18 c5 13. g5 Qa5+ 14. b4 cxb4 15. gxf6 Bb7 16. Bd2
Rfc8 17. Bxb4 Qb6 18. c5 {1-0 (37) Morozevich,A (2788)-Ponomariov,R (2718)
Moscow 2008, and White won with the extra piece.}) 7... Nxc5 8. Bg2 Nce4 (8...
b6 9. O-O Bb7 10. Nb5 Be4 11. Qd1 Nb7 {controlling a possible Nd6} 12. Bf4 $5 (
12. a3 Be7 13. Bf4 Rc8 14. Rc1 a6 15. Nc3 Bxf3 16. Bxf3 Na5 17. b4 Nxc4 18. Bb7
{White wins the exchange, but Black gets a pawn and a strong queenside
pressure in return} Nh5 19. Bxc8 Qxc8 20. Bd2 Qb7 21. e4 Nf6 22. Bf4 Rc8 23. e5
Ne8 24. Qd3 b5 25. Ne4 f5 $1 26. exf6 Nxf6 $132 {½-½ (58) Szabo,G (2540)
-Kovacevic,A (2522) Hungary 2016}) 12... a6 13. Nd6 Bxd6 14. Bxd6 Nxd6 15. Qxd6
Qb8 16. Rfd1 Qb7 17. Bf1 Bxf3 18. exf3 Rac8 19. f4 $14 {½-½ (71) Akobian,V 
(2661)-Bruzon Batista,L (2652) Saint Louis 2017}) 9. O-O Nxc3 10. bxc3 Be7 11.
e4 d6 12. e5 dxe5 13. Nxe5 Qc7 14. Qe2 Nd7 15. Bf4 Nxe5 16. Bxe5 Bd6 17. Rfe1
Rb8 18. Rad1 Bxe5 19. Qxe5 Qxe5 20. Rxe5 b6 21. c5 $1 $14 {1-0 (55) Navara,D 
(2730)-Caruana,F (2787) Wijk aan Zee 2016}) 5... Bxc3+ 6. Qxc3 b6 {is the
classical approach} (6... d5 {has been the fashionable reply; Black tries to
open the position quickly} 7. Nf3 dxc4 8. Qxc4 b6 $1 {and has been doing well
in recent practice} 9. Bg5 Ba6 10. Qa4 h6 11. Bh4 c5 12. dxc5 bxc5 13. Rc1 Qb6
14. Bxf6 gxf6 15. Rc2 c4 16. e3 Bb5 17. Qb4 Rc8 18. Be2 Nd7 $6 (18... Na6 $1
$36) 19. O-O Rab8 20. Rfc1 $14 {½-½ (33) So,W (2810)-Anand,V (2783) Saint
Louis 2017}) 7. Bg5 Bb7 $11 {Theory has seen thousands of games in this
variation, when White battles to keep the strategic advantage of the bishop
pair, while Black tries to obtain a good initiative due to the better
development}) 5. a3 Bxc3+ 6. Qxc3 c5 $5 {A very aggressive try, that he had
never played but I was well prepared against it and was happy to see it.} (6...
Ne4 $5 7. Qc2 c5 {trying to simplify} 8. dxc5 Nc6 9. Nf3 (9. b4 $4 Qf6 $19 {
[%csl Gf2][%cal Gf6f2,Gf6a1]}) 9... Qa5+ 10. Bd2 Qxc5 11. e3 Nxd2 12. Nxd2 dxc4
{Black achieves a symmetrical position, but White has a microscopic edge due
to the better development} 13. Nxc4 $5 (13. Bxc4 O-O 14. b4 Qe7 15. O-O Bd7 {
I lost this position in 2011} 16. Qb2 Rac8 17. Rac1 Rfd8 18. Be2 Be8 19. Nb3
Nb8 20. h3 Bc6 21. Nd4 Bd5 22. Rxc8 Rxc8 23. Rc1 $11 {/+/=: 1-0 (49) Leitao,R 
(2626)-Mekhitarian,K (2487) Campinas 2011}) 13... Ne5 14. Qe4 Nxc4 15. Bxc4 Qc7
16. O-O Bd7 17. Rac1 Qb6 18. Bd3 Rd8 19. Qe5 O-O 20. Rc4 $36 {1-0 (37)
Gustafsson,J (2626)-Sengupta,D (2583) Bangkok 2017}) (6... dxc4 7. Qxc4 b6 $5 {
kind of transposes to the O-O lines after 8.Nf3 O-O, for example}) 7. dxc5 d4
8. Qg3 Nc6 {Black sacrifices a pawn in order to get a nice initiative and also
exploit White's delayed development} 9. Nf3 (9. Qxg7 {is very risky} Rg8 10.
Qh6 Na5 $5 $146 {[%csl Rb3,Rc4]} (10... e5 11. g3 (11. b4 $5) 11... Rg6 (11...
Na5 $1 $36) 12. Qd2 Ne4 13. Qd1 Nxc5 14. Bg2 a5 15. Nf3 e4 $6 (15... a4 $44 {
should be interesting enough for black}) 16. Nd2 Bf5 17. O-O a4 18. b4 axb3 19.
Nxb3 Na4 20. Bd2 $16 {0-1 (46) Hambleton,A (2445)-Edouard,R (2639) Montreal
2015}) (10... Rg6 11. Qd2 e5 12. b4 Ne4 13. Qb2 a5 (13... Qf6 $5 14. e3 a5 $1
$44) 14. b5 Qf6 15. e3 Ne7 {with very nice compensation once again} 16. Nf3 Bh3
$2 (16... Bg4 $1 $44) 17. exd4 Bxg2 18. Nxe5 $2 (18. Bxg2 Rxg2 19. Qe2 $1 $16)
18... Bxh1 19. Nxg6 hxg6 $19 {0-1 (40) Huang,Q (2476)-Kosteniuk,A (2495)
Astana 2013})) 9... e5 10. b4 (10. Nxe5 $6 Qa5+ 11. Bd2 $6 (11. Kd1 {played by
the World Champion is his youth, back in 2007} Ne4 $1 (11... Nxe5 $6 12. Qxe5+
Be6 13. Bd2 Qa4+ 14. Ke1 Rd8 15. c6 Qxc6 16. Qb5 Bxc4 17. Qxc6+ bxc6 18. Rc1
$14 {½-½ (70) Carlsen,M (2714)-Naiditsch,A (2639) Khanty-Mansiysk 2007}) 12.
Qf4 Nxf2+ 13. Qxf2 Nxe5 14. Qxd4 f6 15. Kc2 O-O {and white is in bad shape} 16.
Bd2 Qc7 17. e4 Be6 $40 {0-1 (29) Debashis,D (2451)-Moiseenko,A (2702) Fujairah
2012}) 11... Qxd2+ 12. Kxd2 Ne4+ 13. Ke1 Nxg3 14. Nxc6 Nxh1 15. Nxd4 h5 $5 (
15... b6 $5 $146) 16. e3 h4 {with a very weird position: White has trouble
getting the knight back, remains a rook down, but with three pawns for it.} 17.
Nb5 Kf8 18. Bd3 $44 {0-1 (31) Henrichs,T (2492)-Moiseenko,A (2698) Germany 2014
}) 10... O-O (10... e4 11. Nd2 (11. b5 Na5 12. Nd2 e3 $1 13. fxe3 Ng4 $1 $44 {
1-0 (60) Gladyszev,O (2497)-Bentivegna,F (2361) Cutro 2008, with a strong
attack against White's king.}) 11... O-O (11... e3 $5 {with a similar idea,
but now this is a lesser evil for White, as the black knight would be more
dangerous on a5} 12. fxe3 O-O $5 $36 (12... Ng4 13. Ne4 $1 $16)) 12. e3 a5 13.
b5 Ne7 14. Be2 Be6 15. Bb2 Nf5 16. Qf4 Rc8 17. Rd1 $1 $18 {½-½ (36)
Ivanisevic,I (2643)-Naiditsch,A (2657) Bled 2016 White can't castle now
because of dxe3 hitting the d2-knight. Black's initiative is slowly
disappearing and he ended up in a lost position, but escaped after all.}) 11.
Nxe5 $1 Nh5 $146 (11... Ne4 $5 12. Nxc6 bxc6 (12... Nxg3 {transposes to the
game}) 13. Qd3 (13. Qf4 $5 $16 {with Bb2 to follow}) 13... Bf5 14. Bb2 $16 {
0-1 (45) Dreev,A (2607)-Sakaev,K (2634) Moscow 2007, is also good for White,
but this is a better try than 11...Nh5, which gives White a confortable
endgame.}) 12. Nxc6 Nxg3 13. Nxd8 Nxh1 14. g3 $1 {A tough endgame for Black:
White will get the knight back, the queenside pawns will be extremely
uncomfortable} Rxd8 15. Bg2 d3 $1 (15... Nxf2 $2 {Wnning a pawn is not worth
it, creating counterplay is more urgent} 16. Kxf2 {[%csl Rb7]} d3 17. Bf4 dxe2
18. Re1 $1 $18) (15... Nxg3 {similar to Nxf2} 16. hxg3 $18 {[%csl Rb7,Rc8]})
16. Bxh1 (16. exd3 {was an option, but during the game I thought it helped
Black to develop} Rxd3 17. Bxh1 Bg4 $1 {threatening mate} 18. Be3 Rad8 19. Bd5
$16 {White maintains a good edge and winning chances}) 16... dxe2 17. Bf4 a5 (
17... Rd4 $5 18. Kxe2 $16 {was my idea. Now I have Ke3 attacking the rook
after Bg4+}) 18. b5 Bg4 19. Bd5 Rac8 20. Be3 $6 (20. Bd6 $1 {I wanted to play
this natural move, but after a long think, I couldn't find the correct
variations} b6 {I was scared of this move - now I could win by improving my
rook position, something I didn't realise} (20... Rd7 21. b6 $1 {is very sad
for Black} Be6 22. Kxe2 $18) 21. Ra2 $1 (21. f3 $6 {I only thought about this}
bxc5 22. Bf4 Rxd5 $1 (22... Be6 $2 23. b6 Bxd5 24. cxd5 Rd7 25. Rb1 Rb7 26. Bc7
$1 Kf8 27. d6 $18 {is simply winning for White}) 23. cxd5 Bxf3 {with good
chances of holding the game} 24. d6 f6 25. Kf2 $14) (21. Rb1 $1 {also does the
job} bxc5 22. Bf4 $18) 21... bxc5 22. Bf4 $1 {b6 is unstoppable now} Be6 23.
Rd2 $1 {that is why Ra2} Bxd5 24. Rxd5 $18) 20... Rd7 21. f3 $6 {forces him to
find a good move, exchanging the bishops. There was no hurry to take on e2,
Now Black equalses} (21. Rb1 $1 {again gave me nice winning chances} Be6 22. c6
$1 bxc6 23. bxc6 Rd6 24. c7 $1 Rxc7 25. Bf4 Rxd5 26. cxd5 Bf5 {forced} 27. Rb5
$16 {should be close to winning}) 21... Be6 22. Bxe6 fxe6 23. Kxe2 e5 24. Rb1
Kf7 $11 25. a4 Ke6 26. Rb3 h5 27. h3 g6 28. Rb1 Kf5 29. g4+ hxg4 30. hxg4+ Kf6
31. Rh1 Kg7 32. Bf2 Rcd8 33. Be3 Rc8 34. Bf2 Rcd8 35. Be3 1/2-1/2